Commentary on the Constitution of India / (Record no. 200361)

MARC details
000 -LEADER
fixed length control field 00777nam a22002297a 4500
005 - DATE AND TIME OF LATEST TRANSACTION
control field 20240124151816.0
010 ## - LCCN (DPL NO)
LC control number ENG-139008
020 ## - INTERNATIONAL STANDARD BOOK NUMBER
International Standard Book Number 9788131254066
Terms of availability 1995.00
035 ## - SYSTEM CONTROL NUMBER
System control number EN-122540
037 ## - SOURCE OF ACQUISITION
Source of stock number/acquisition DBAD/PUB
082 ## - DEWEY DECIMAL CLASSIFICATION NUMBER
Classification number 342.54
100 ## - MAIN ENTRY--PERSONAL NAME
Personal name Basu, Durga Das
245 ## - TITLE STATEMENT
Title Commentary on the Constitution of India /
Statement of responsibility, etc by Durga Das Basu [and] Sunil Ambwani ; foreworded by M.N. Venkatachaliah
250 ## - EDITION STATEMENT
Edition statement 9th ed
260 ## - PUBLICATION, DISTRIBUTION, ETC. (IMPRINT)
Place of publication, distribution, etc Gurgaon
Name of publisher, distributor, etc Lexis Nexis
Date of publication, distribution, etc 2018
270 ## - ADDRESS
Address 14th Floor, Bldg No.10, Tower-B, DLF Cyber City, Phase-II
City Gurgaon
Postal code 122002
300 ## - PHYSICAL DESCRIPTION
Extent clxix,12546;21p.
Dimensions 25cm(Hb)
500 ## - GENERAL NOTE
General note Includes index
505 ## - FORMATTED CONTENTS NOTE
Formatted contents note 11 (2) Articles 226 (contd.)to 232
700 ## - ADDED ENTRY--PERSONAL NAME
Personal name Ambwani,Sunil
9 (RLIN) 61259
942 ## - ADDED ENTRY ELEMENTS (KOHA)
Source of classification or shelving scheme Dewey Decimal Classification
Item type English Books
Classification part 342.54
Call number suffix BAS
Holdings
Withdrawn status Lost status Not for loan Collection code Home library Current library Date acquired Source of acquisition Cost, normal purchase price Full call number Barcode Copy number Cost, replacement price Koha item type
    Not For Loan Reference Sarojini Nagar Sarojini Nagar 24/01/2024 DBAD/PUB 1995.00 342.54 BAS EN-122540 1 1995.00 English Books

© Delhi Public Library
Hit Counter
free hit counter